Caballo de palo

Na minha lista:
Detalhes bibliográficos
Autor principal: Soto Veléz, Clemente
Outros Autores: Señeriz, Jorge (prólogo)
Formato: Desconhecido
Publicado em: Puerto Rico Instituto de Cultura Puertorriqueña 1976
Edição:2 edición
coleção:Serie Literatura Hoy 11
Assuntos:
Tags: Adicionar Tag
Sem tags, seja o primeiro a adicionar uma tag!

MARC

LEADER 000000000a22000000004500
001 002107
041 0 |a español 
092 0 |a PR861.44 S718c2 
100 1 |a Soto Veléz, Clemente 
700 1 2 |a Señeriz, Jorge   |e prólogo 
245 1 0 |a Caballo de palo 
250 |a 2 edición 
260 |a Puerto Rico   |b Instituto de Cultura Puertorriqueña   |c 1976 
300 |a 88 páginas   |b ilustraciones, retratos 
440 |a Serie Literatura Hoy   |v 11 
500 |a Número de inscripción 02901 
650 4 |a LITERATURA PUERTORRIQUEÑA 
650 4 |a POESIA 
999 |c 2976  |d 2976